000 00351nam a22001337a 4500
008 220610b |||||||| |||| 00| 0 eng d
020 _a9985782186
082 _a398 RUN 2001
245 _aRethinking ethnology and folkloristics
260 _aTartu :
_bTartu NEFA Rühm,
_c2001.
300 _a265 p.
_c21 cm.
700 _aRunnel, Pille
942 _2ddc
999 _c9016
_d9017